000 00570nam a2200229Ia 4500
003 OSt
005 20221005130949.0
006 a|||||r|||| 00| 0
007 ta
008 221004b |||||||| |||| 00| 0 eng d
024 _a59297
037 _cTextual
040 _aCRL
_cCRL
_beng
041 _2eng
_aeng
082 _aV2:25xM69:9, H61
100 _aDiwakar R R
245 0 _aSatyagraha, its technique and history
260 _c1946
650 _aHISTORY
942 _hV2:25xM69:9, H61
_cTEXL
_2cc
999 _c1058946
_d1058946